000
00279nam a22001337a 4500
008
170306b xxu||||| |||| 00| 0 eng d
020
_a
400707410926
041
_a
eng
080
_2
13 ED
_a
575
100
_a
6
101
_a
SHM
245
_a
13 TH GEN
_c
STAUS.B
942
_2
udc
_c
BK
999
_c
6820
_d
6820